| 000 | 00706nam a22002172 4500 | ||
|---|---|---|---|
| 001 | 0000009399 | ||
| 005 | 20151217152054.0 | ||
| 008 | 081015s xx 000 0 eng d | ||
| 020 | _a0738014311 : | ||
| 040 |
_aKABU _cKABU |
||
| 100 | 1 |
_aRamirez, Santos. _@0000160701 |
|
| 245 | 1 | 0 |
_aLaboratory (Kinematics) experiments for physics 218 / _cSanos Ramirez, Ruth A. Seidel, Jack C. Hiebert. |
| 260 |
_aPlymouth, MI : _bHayden-McNeil Publishing, _c2005. |
||
| 300 | _axiv, 174 p. | ||
| 650 | 0 |
_aKinematics (physics) _@0000160702 |
|
| 700 | 1 |
_aSeidel, Ruth A. _@0000160703 |
|
| 700 | 1 |
_aHiebert, Jack C. _@0000160704 |
|
| 908 | _a081015 | ||
| 950 | _@1 | ||
| 999 |
_c7899 _d7899 |
||